Methods of Russian as a second language teaching: workbook for practical course (Record no. 51060)

MARC details
000 -LEADER
fixed length control field 00564nam a2200145 a 4500
008 - FIXED-LENGTH DATA ELEMENTS--GENERAL INFORMATION
fixed length control field 210303s2013 ||||||||||||||||| || u
020 ## - INTERNATIONAL STANDARD BOOK NUMBER
International Standard Book Number 9785865476849
050 ## - LIBRARY OF CONGRESS CALL NUMBER
Classification number PG 2900 Fed
100 ## - MAIN ENTRY--PERSONAL NAME
Personal name Fedotova, N.L
245 10 - TITLE STATEMENT
Title Methods of Russian as a second language teaching: workbook for practical course
Statement of responsibility, etc. N.L Fedotova
260 ## - PUBLICATION, DISTRIBUTION, ETC.
Place of publication, distribution, etc. St. Petersburg
Date of publication, distribution, etc. 2013
300 ## - PHYSICAL DESCRIPTION
Extent 198 pages
650 ## - SUBJECT ADDED ENTRY--TOPICAL TERM
Topical term or geographic name entry element RUSSIAN LITERATURE
995 ## - RECOMMENDATION 995 [LOCAL, UNIMARC FRANCE]
-- CBU-MAIN LIBRARY (Kitwe)
-- 1
-- AVAILABLE
-- Mar 3, 2021
-- Main Library Open Access Collection
Holdings
Withdrawn status Lost status Source of classification or shelving scheme Damaged status Not for loan Home library Current library Shelving location Date acquired Total Checkouts Full call number Barcode Date last seen Price effective from Koha item type
          CBU-MAIN LIBRARY, KITWE. CBU-MAIN LIBRARY, KITWE.   11/30/2022   PG 2900 Fed 750886 11/30/2022 11/30/2022 MONOGRAPH